000 01539nam a22003137a 4500
005 20110125162724.0
010 _aENG-101960 B-457089
020 _a9780198070108
_c345.00
020 _a0198070101
_c345.00
035 _aEN-85493 B-457089
037 _bDBAD/PUB
037 _bK.K.Pub/Ven
082 _a332.4954
100 _aRakshit, Mihir
_951451
245 _aMoney and finance in the Indian economy :
_cby Mihir Rakshit
_bselected papers, volume II /
260 _aNew Delhi
_bOxford University Press
_c2011
270 _aYMCA Library Building, Jai Singh Road
_bNew Delhi
_e110001
300 _axi, 293 p. :
_c24cm (pbk)
_bill.
490 _aOxford collected essays
_951452
500 _aCompanion volume to: Macroeconomics of post-reform India. Most essays previously published from the 1980s onwards in Economic and political weekly and Money & finance.
500 _aIncludes bibliographical references and indexes.
650 _aMonetary policy
_zIndia.
_951453
650 _aFinance, Public
_zIndia.
_951454
700 _925586
942 _2ddc
_cEN
_h332.4954
_mRAK
999 _c50110
_d50110